| 000 | 00629nam a22001935i 4500 | ||
|---|---|---|---|
| 001 | 171390 | ||
| 003 | ES-MaACL | ||
| 005 | 20230906214624.0 | ||
| 008 | 090513s1930 sp |||| | spa d | ||
| 080 | _a821.14-21"-04" | ||
| 100 | 0 |
_aSófocles. _9107023 |
|
| 245 | 1 | 0 |
_aTragedias / _cSófocles ; texto, traducción y notas por Ignacio Errandonea. |
| 250 | _a[1ª ed.]. | ||
| 260 |
_aMadrid : _bVoluntad, _c1930. |
||
| 300 |
_a2 v. ; _c20 cm. |
||
| 505 | 8 | _aContiene: I. Edipo Rey ; Edipo en Colono -- II. Antígona ; Traquinias ; Electra | |
| 700 | 1 |
_aErrandonea, Ignacio. _947427 |
|
| 852 |
_aES-MaACL _jE-2034-35 _9R.22980 |
||
| 999 |
_c171390 _d171390 |
||